Kinh tế Việt Nam trong những năm đổi mới qua các chỉ tiêu kinh tế tổng hợp của hệ thống tài khoản Quốc gia

Đã lưu trong:
Bibliografiske detaljer
Institution som forfatter: Tổng cục Thống Kê
Format: Bog
Sprog:Undetermined
Udgivet: Hà Nội Thống Kê 2000
Fag:
Tags: Tilføj Tag
Ingen Tags, Vær først til at tagge denne postø!
Thư viện lưu trữ: Trung tâm Học liệu Trường Đại học Cần Thơ
LEADER 00695nam a2200193Ia 4500
001 CTU_42808
008 210402s9999 xx 000 0 und d
020 |c 100000 
082 |a 330.9597 
082 |b T455/2000 
110 |a Tổng cục Thống Kê 
245 0 |a Kinh tế Việt Nam trong những năm đổi mới qua các chỉ tiêu kinh tế tổng hợp của hệ thống tài khoản Quốc gia 
245 0 |c Tổng cục Thống Kê 
260 |a Hà Nội 
260 |b Thống Kê 
260 |c 2000 
650 |a International economic relations 
904 |i Minh, lthiếu 
980 |a Trung tâm Học liệu Trường Đại học Cần Thơ